| 000 | 00694nam 22002173 4500 | ||
|---|---|---|---|
| 001 | 200616 | ||
| 010 | _a2-85429-022-4 | ||
| 090 | _a200616 | ||
| 100 | _a20260219d u||y0pory50 ba | ||
| 200 |
_aBricolage : 100 trabalhos para casa _fPierre Auguste _gtradução de Manuel Faria ; desenhos de Roland Garel |
||
| 210 |
_aPorto _cEdinter _dcop. 1976 |
||
| 215 |
_a88, [4] p. _cil. ; encadernado |
||
| 225 |
_aVidi _h3 |
||
| 606 |
_916352 _aA casa. Equipamento e mobiliário domésticos |
||
| 675 |
_a643 _vPT _zpor |
||
| 700 |
_916399 _aAuguste _bPierre _f1917- |
||
| 702 |
_916400 _aGarel _bRoland _f1930-2015 |
||
| 702 |
_916401 _aFaria _bManuel |
||
| 801 |
_aPT _bBMMN _gRPC |
||
| 830 | _cVanda | ||
| 990 | _cLIVROS | ||